Normal view
MARC view
Entry Personal Name
001 - CONTROL NUMBER
- control field: 4432
003 - CONTROL NUMBER IDENTIFIER
- control field: PK-LaUMT
005 - DATE AND TIME OF LATEST TRANSACTION
- control field: 20250203112204.0
008 - FIXED-LENGTH DATA ELEMENTS
- fixed length control field: 250203|| aca||aabn | a|a d
040 ## - CATALOGING SOURCE
- Original cataloging agency: PK-LaUMT
- Transcribing agency: PK-LaUMT
100 ## - HEADING--PERSONAL NAME
- Personal name: Tahir Masood = طاہر مسعود
670 ## - SOURCE DATA FOUND
- Source citation: Work cat.: (PK-LaUMT)136816: Tahir Masood = طاہر مسعود, Gumshuda sitaray = گمشدہ ستارے /, 2009
